<?xml version="1.0" encoding="UTF-8"?>
<record
    xmlns:xsi="http://www.w3.org/2001/XMLSchema-instance"
    xsi:schemaLocation="http://www.loc.gov/MARC21/slim http://www.loc.gov/standards/marcxml/schema/MARC21slim.xsd"
    xmlns="http://www.loc.gov/MARC21/slim">

  <leader>01958nas a2200277Ia 4500</leader>
  <controlfield tag="001">R050-R1492</controlfield>
  <controlfield tag="003">IT-CnALBA</controlfield>
  <controlfield tag="008">170116c99999999xx ||||||||||||   ||und||</controlfield>
  <datafield tag="040" ind1=" " ind2=" ">
    <subfield code="a">IT-CnALBA</subfield>
    <subfield code="c">IT-CnALBA</subfield>
  </datafield>
  <datafield tag="041" ind1=" " ind2=" ">
    <subfield code="a">ITALIANO</subfield>
  </datafield>
  <datafield tag="100" ind1=" " ind2=" ">
    <subfield code="a">NICHOLSON MICHAEL</subfield>
  </datafield>
  <datafield tag="210" ind1=" " ind2=" ">
    <subfield code="a">READER'S DIGEST</subfield>
  </datafield>
  <datafield tag="222" ind1=" " ind2=" ">
    <subfield code="a">READER'S DIGEST</subfield>
  </datafield>
  <datafield tag="245" ind1=" " ind2="0">
    <subfield code="a">SELEZIONE DAL READER'S DIGEST. MAGGIO 1994. ANNO XLVI. PAGINE SCELTE SEMPRE ATTUALI FORMATO TASCABILE. </subfield>
  </datafield>
  <datafield tag="250" ind1=" " ind2=" ">
    <subfield code="a">1a ed.</subfield>
  </datafield>
  <datafield tag="260" ind1=" " ind2=" ">
    <subfield code="a">MILANO</subfield>
    <subfield code="b">SELEZIONE DAL READER'S DIGEST </subfield>
    <subfield code="c">1994</subfield>
  </datafield>
  <datafield tag="300" ind1=" " ind2=" ">
    <subfield code="a">176 p. (prefazione: 16)</subfield>
  </datafield>
  <datafield tag="310" ind1=" " ind2=" ">
    <subfield code="a">MENSILE</subfield>
  </datafield>
  <datafield tag="362" ind1=" " ind2=" ">
    <subfield code="a">Fascicolo: 5 / Anno: 46 (1994)</subfield>
  </datafield>
  <datafield tag="500" ind1=" " ind2=" ">
    <subfield code="a">FUGA DA SARAJEVO. NEGOZIATI DI MAASTRICHT. NUOVA CONQUISTA DEL K2. APERTO IL CHUNNEL TRA FRANCIA E INGHILTERRA. GUIDA PER GLI ORMONI SESSUALI FEMMINILI. MURALES, PROPOSTA PER L'ORNAMENTO DELL'AMBIENTE. DIETA MEDITERRANEA E ALTRE DIETE. DRAMMI VISSUTI, SOSPESI SULL'ABISSO. ACCOLTA PER LE TESTUGGINI, RISERVA MAPUDALAND SUDAFRICA. BEST SELLER, TRIMARANO NELLA TEMPESTA. SIKORSKI R. HURT H. MCCALL S. BORDEWICH F. M. PARVIN J. ADEGUAMENTO DEL NUOVO VIETNAM. CAMICIA DI NOTTE, STORIA D'AMORE. VIOLENZA CRIMINALE IN USA. VILLA RICOSTRUITA COME LA POLONIA. </subfield>
  </datafield>
  <datafield tag="501" ind1=" " ind2=" ">
    <subfield code="a">Societ&#xE0; San Paolo EM - Piazza San Paolo, 14 - 12051 ALBA (CN)  (non commercial uses only) &#xAE; Copyright 2017</subfield>
  </datafield>
  <datafield tag="520" ind1=" " ind2=" ">
    <subfield code="a">FUGA DA SARAJEVO. NEGOZIATI DI MAASTRICHT. NUOVA CONQUISTA DEL K2. APERTO IL CHUNNEL TRA FRANCIA E INGHILTERRA. GUIDA PER GLI ORMONI SESSUALI FEMMINILI. MURALES, PROPOSTA PER L'ORNAMENTO DELL'AMBIENTE. DIETA MEDITERRANEA E ALTRE DIETE. DRAMMI VISSUTI, SOSPESI SULL'ABISSO. ACCOLTA PER LE TESTUGGINI, RISERVA MAPUDALAND SUDAFRICA. BEST SELLER, TRIMARANO NELLA TEMPESTA. SIKORSKI R. HURT H. MCCALL S. BORDEWICH F. M. PARVIN J. ADEGUAMENTO DEL NUOVO VIETNAM. CAMICIA DI NOTTE, STORIA D'AMORE. VIOLENZA CRIMINALE IN USA. VILLA RICOSTRUITA COME LA POLONIA. </subfield>
  </datafield>
  <datafield tag="650" ind1=" " ind2=" ">
    <subfield code="a">RIVISTE VARIE</subfield>
  </datafield>
  <datafield tag="942" ind1=" " ind2=" ">
    <subfield code="c">CR</subfield>
  </datafield>
  <datafield tag="957" ind1=" " ind2=" ">
    <subfield code="7">1</subfield>
  </datafield>
  <datafield tag="999" ind1=" " ind2=" ">
    <subfield code="a">11469</subfield>
    <subfield code="b">NO</subfield>
    <subfield code="g">1</subfield>
    <subfield code="c">319567</subfield>
    <subfield code="d">319567</subfield>
  </datafield>
  <datafield tag="952" ind1=" " ind2=" ">
    <subfield code="0">0</subfield>
    <subfield code="1">0</subfield>
    <subfield code="4">0</subfield>
    <subfield code="6">R_050R1492</subfield>
    <subfield code="7">1</subfield>
    <subfield code="a">ALBA</subfield>
    <subfield code="b">ALBA</subfield>
    <subfield code="d">2017-01-16</subfield>
    <subfield code="l">0</subfield>
    <subfield code="o">R050-R1492</subfield>
    <subfield code="r">2017-01-16 00:00:00</subfield>
    <subfield code="w">2017-01-16</subfield>
    <subfield code="y">CR</subfield>
    <subfield code="z">(data import: 16 gennaio 2017) - By Epidotti, Vaglietti. </subfield>
  </datafield>
</record>
